000 01156nam a22003137a 4500
001 600723
003 OSt
005 20210419091427.0
008 910422s1992 iluab b 001 0 eng
010 _a 91061558
020 _a0844296775 :
_c$15.95
040 _aDLC
_cDLC
_dDLC
043 _ae-ur-gs
050 0 0 _aDK
080 _a94(479.22)
_bR-79
100 1 _aRosen, Roger.
245 1 4 _aThe Georgian Republic /
_cRoger Rosen ; photography by Jeffrey Jay Foxx.
260 _aLincolnwood, Ill., USA :
_bPassport Books,
_c1992.
300 _a272 p. :
_bill. (some col.), maps (some col.) ;
_c21 cm.
365 _b15.95 USD
504 _aIncludes bibliographical references (p. 261-262) and index.
650 0 _9240
_aHistory of Georgia
651 0 _aGeorgia (Republic)
_xGuidebooks.
653 _aსაქართველოს ისტორია
_aსაქართველოს რესპუბლიკა
700 1 _aFoxx, Jeffrey J.
_q(Jeffrey Jay)
906 _a7
_bcbc
_corignew
_d2
_eopcn
_f19
_gy-gencatlg
942 _2udc
_cBK
999 _c347
_d347